[Event "GRE-ch U18"]
[Site "Niforeika"]
[Date "2000.04.24"]
[Round "4.1"]
[White "Aggouridis, Aris"]
[Black "Tsiamis, Konstantinos"]
[Result "1/2-1/2"]
[WhiteElo "2025"]
[BlackElo "2150"]
[PlyCount "102"]
[EventDate "2000.??.??"]
[EventType "swiss"]
[EventRounds "7"]
[EventCountry "GRE"]
[SourceTitle "EXT 2004"]
[Source "ChessBase"]
[SourceDate "2003.11.25"]
[SourceVersion "1"]
[SourceVersionDate "2003.11.25"]
[SourceQuality "1"]

1. e4 c6 2. d4 d5 3. e5 Bf5 4. Nc3 Qb6 5. Bd3 Bxd3 6. Qxd3 e6 7. Nge2 Nd7 8. 0-0 Ne7 9. a4 g6 10. a5 Qd8 11. Bg5 Bg7 12. Qh3 h6 13. Bd2 a6 14. b4 Qc7 15. Na4 h5 16. Nc5 0-0-0 17. Rfb1 Nf5 18. Ra3 Bh6 19. Bxh6 Rxh6 20. Qd3 Kb8 21. Nc3 Nxc5 22. bxc5 Ka7 23. Rab3 Rb8 24. Rb6 Ra8 25. Na2 Kb8 26. Qb3 Ra7 27. c3 Kc8 28. Nb4 Ne7 29. Kf1 Kd7 30. Nd3 Kc8 31. Nf4 Rh8 32. Nd3 Rd8 33. Nb4 Rd7 34. Ke2 Kd8 35. Nd3 Ke8 36. Qb2 Nf5 37. Nb4 Kf8 38. Nc2 Kg7 39. Ne3 Nh6 40. Nf1 Qd8 41. Qd2 Qh4 42. Qe3 Ng4 43. Qf3 Nh6 44. h3 Qg5 45. Ne3 Nf5 46. Nxf5+ Qxf5 47. Qxf5 exf5 48. f4 Kf8 49. Kf3 h4 50. Re1 Ke7 51. Reb1 Ke6 1/2-1/2